000 00644nam a2200217 4500
003 OSt
005 20260601193908.0
008 260520b |||||||| |||| 00| 0 eng d
040 _aICI
_bspa
_cICI
_erda
050 _aNA1 A25
100 _eautor
245 _aA & W special
300 _a98 paginas:
_bilustraciones
336 _2rdacontent
_atexto
337 _2rdamedia
_asin medio
338 _2rdacarrier
_avolumen
500 _aRevista especializada en arquitectura, diseño contemporáneo y tendencias visuales
650 _aArquitectura
_xRevistas
_934716
650 _aDiseño arquitectónico
_xxRevistas.
_934717
942 _2lcc
_n1
_cB
999 _c22469
_d22469